00795nam a22001697a 4500008004100000020002200041050002000063100003900083245007500122260003700197300004100234500007100275504003400346505015100380650005400531650004000585150331s2010 mx a|||| |||| 00| 0 spa d a13: 978607150370104aQH315bL43 2010 aLecona Urrutía, Adrían eautor aBiología Ib : enfoque para competenciasc / Adrián Lecona Urrutia3 aMéxicob : McGraw Hillc, 2010 axii, 180 páginasb : ilustraciones aIncluye: apéndices (pp. 164-174) Incluye: índice (pp. 175-178) aBibliografía: (pp. 179-180) aLa biología como ciencia de la vida Características y componentes de los seres vivos La célula como unidad de vida Metabolismo Biodiversidad 0aBIOLOGÍA vESTUDIO Y ENSEÑANZA (BACHILLERATO) 0a EDUCACIÓN BASADA EN COMPETENCIAS